Southville International School and Colleges
Your cart is empty.
  • Cart
  • Lists
    Public lists list_1 View all
    Your lists Log in to create your own lists
  • Log in to your account
  • Your cookies
  • Search history
Southville International School and Colleges
  • Advanced search
  • Recent comments
  • Most popular
  • Libraries

Log in to your account

Log in with GOOGLE


If you do not have an external account, but do have a local account, you can still log in:

  1. Home
  2. MARC view: Creature comforts :
Normal view MARC view ISBD view

Creature comforts : (Record no. 358034)

[ view plain ]
MARC details
000 -LEADER
fixed length control field 00588nam a2200229Ia 4500
008 - FIXED-LENGTH DATA ELEMENTS--GENERAL INFORMATION
fixed length control field 180620s9999 xx 000 0 und d
050 ## - LIBRARY OF CONGRESS CALL NUMBER
Classification number REF SF 413
050 ## - LIBRARY OF CONGRESS CALL NUMBER
Item number .V55 1996
100 ## - MAIN ENTRY--PERSONAL NAME
Personal name Vlk, Elisabeth Guillet.
245 #0 - TITLE STATEMENT
Title Creature comforts :
245 #2 - TITLE STATEMENT
Remainder of title a guide to animals and their care /
245 #0 - TITLE STATEMENT
Statement of responsibility, etc Elisabeth Guillet Vlk.
260 ## - PUBLICATION, DISTRIBUTION, ETC. (IMPRINT)
Place of publication, distribution, etc [Leesburg, VA] :
260 ## - PUBLICATION, DISTRIBUTION, ETC. (IMPRINT)
Name of publisher, distributor, etc The National Humane Education Society,
260 ## - PUBLICATION, DISTRIBUTION, ETC. (IMPRINT)
Date of publication, distribution, etc 1996
300 ## - PHYSICAL DESCRIPTION
Extent 124 pages :
300 ## - PHYSICAL DESCRIPTION
Other physical details illustrations ;
300 ## - PHYSICAL DESCRIPTION
Dimensions 17 cm.
650 ## - SUBJECT ADDED ENTRY--TOPICAL TERM
Topical term or geographic name as entry element Cats.
650 ## - SUBJECT ADDED ENTRY--TOPICAL TERM
Topical term or geographic name as entry element Pets.
650 ## - SUBJECT ADDED ENTRY--TOPICAL TERM
General subdivision Dogs.
Holdings
Withdrawn status Lost status Damaged status Home library Current library Shelving location Date acquired Total Checkouts Full call number Barcode Date last seen Price effective from Koha item type
      South Mansfield College South Mansfield College Reference Section 03/07/2005   REF SF 413 .V55 1996 SMC02565 06/20/2018 06/20/2018  

Creature comforts :

APA

Vlk E. G., .Creature comforts. [Leesburg, VA]: .

Chicago

Vlk Elisabeth Guillet, .Creature comforts. [Leesburg, VA]: .

Harvard

Vlk E. G., .Creature comforts. [Leesburg, VA]: .

MLA

Vlk Elisabeth Guillet, .[Leesburg, VA]: . .

  • Place hold
  • Print
  • Cite
  • Add to your cart (remove)
  • Save record
    BIBTEX Dublin Core MARCXML MARC (non-Unicode/MARC-8) MARC (Unicode/UTF-8) MARC (Unicode/UTF-8, Standard) MODS (XML) RIS
  • More searches
    Search for this title in:
    Other Libraries (WorldCat) Other Databases (Google Scholar) Online Stores (Bookfinder.com) Open Library (openlibrary.org)

Exporting to Dublin Core...

SOUTHVILLE LIBRARY

Southville International School and Colleges Library

1281 Tropical Ave. Cor. Luxembourg St., BF Homes International, Las Pinas City

Tel. No. 8256374 / 252358 Loc. 117/146

Powered by Koha